Caso fortuito en el Derecho Civil chileno.

Sparad:
Bibliografiska uppgifter
Huvudupphovsman: Tapia Rodríguez, Mauricio (autor)
Materialtyp: Bok
Språk:spanska
Publicerad: Santiago, Chile: Legal Publishing Chile; Thomson Reuters, 2013.
Upplaga:1a. edición.
Serie:Colección Ensayos Jurídicos.
Ämnen:
Taggar: Lägg till en tagg
Inga taggar, Lägg till första taggen!

MARC

LEADER 00000cam a2200000 a 4500
001 UCE1496
003 CL-VaPUC
005 20220822114406.0
008 140502e20130000cl |||||||||||||||||spa|d
999 |c 355272  |d 355270 
020 |a 978-956-346-441-2 
040 |c Pontificia Universidad Católica de Valparaíso 
082 0 4 |a 346.02 TAP 2013  |2 21 
100 0 |a Tapia Rodríguez, Mauricio  |e autor  |9 573835 
245 1 0 |a Caso fortuito en el Derecho Civil chileno. 
250 |a 1a. edición.  
260 |a Santiago, Chile:  |b Legal Publishing Chile;  |b Thomson Reuters,   |c 2013.  
300 |a II, 131 páginas.  
490 0 |a Colección Ensayos Jurídicos.  
500 |a c.2 Donación Familia Prof. Alejandro Guzmán Brito.  
583 |a last modification  |c 20140502 10:02:00  |k Rodrigo Vera 
650 0 |a Derecho civil chileno  |9 320612 
650 7 |a Responsabilidad civil  |2 CL-VaPUC  |9 573836 
650 0 |a Caso fortuito  |9 388790 
650 0 |a Fuerza mayor  |9 388791 
650 0 |a Prueba  |9 256247 
942 |c BK  |2 ddc  |n 0 
945 |d 20140502 10:02:00  |a dcastane 
952 |0 0  |1 0  |3 erb  |4 0  |6 346_020000000000000_TAP_2013  |7 0  |8 A  |9 461910  |a BIBDER  |b BIBDER  |i 5070104  |l 3  |o 346.02 TAP 2013  |p 5070104  |r 2023-10-02  |s 2023-10-02  |w 2019-11-23  |y BK  |z Catalogado en:20140502  |k DER 
952 |0 0  |1 0  |2 ddc  |4 0  |6 346_020000000000000_TAP_2013  |7 1  |8 C_AGB  |9 580846  |a BIBDER  |b BIBDER  |d 2022-01-26  |e Donación   |i 5641896  |o 346.02 TAP 2013  |p 5641896  |r 2023-01-25  |t 2  |w 2022-01-26  |y BK_US  |k AGB